00336nam a2200133Ia 4500003000900000008004100009040001600050080001600066100001700082245003700099260002700136300001600163650002300179IN-BaIIA211028s9999 xx 000 0 eng d cIIA Library a521.13bSMA aSmart, W. M. 0aStellar kinematicscSmart W. M.  aLondonbLongmansc1968 aviii, 320p. aStellar kinamatics